Mexican States Quiz - Statistics

General Stats
  • This quiz has been taken 33 times
  • The average score is 13 of 15
Answer Stats
Question Answer % Correct
How many Mexican states are there? 31
100%
Which of these is a Mexican state? Aguascalientes
100%
Where is Tijuana located? Baja California
100%
Which state is the farthest north of these options? Chihuahua
100%
In which state is Guadalajara Jalisco
100%
Which is the smallest of these Mexican states? Morelos
100%
Which of these is the farthest south? Oaxaca
100%
Where is Cancun? Quintana Roo
100%
Which of these borders the USA? Tamaulipas
100%
Where is Chichen Itza? Yucatan
100%
Which of these borders Guatemala? Chiapas
67%
What is the capital of Sonora Hermosillo
67%
Which is the least populated of these states? Nayarit
67%
Which of these borders Belize? Quintana Roo
67%
Which is the most populated of all of these? Veracruz
33%
No matching quizzes found
Score Distribution
Percent of People with Each Score
Percentile by Number Answered
Your Score History
You have not taken this quiz